[Event "EYCC 2024 - G18"]
[Site "?"]
[Date "2024.08.28"]
[Round "6.9"]
[White "Skakun, Kateryna"]
[Black "Zelbova, Lada"]
[Result "0-1"]
[BlackElo "1983"]
[WhiteElo "1854"]
[LiveChessVersion "1.4.8"]

1. e4 {[%clk 1:30:58]} c5 {[%clk 1:30:55]} 2. Nf3 {[%clk 1:31:21]} d6
{[%clk 1:31:20]} 3. d4 {[%clk 1:31:30]} cxd4 {[%clk 1:31:45]} 4. Nxd4
{[%clk 1:31:54]} Nf6 {[%clk 1:32:11]} 5. Nc3 {[%clk 1:32:08]} a6 {[%clk 1:32:37]}
6. Qf3 {[%clk 1:31:36]} e6 {[%clk 1:28:06]} 7. g4 {[%clk 1:31:32]} h6
{[%clk 1:25:57]} 8. Rg1 {[%clk 1:26:47]} Nbd7 {[%clk 1:24:42]} 9. Qg2
{[%clk 1:20:52]} Qb6 {[%clk 1:18:55]} 10. Nb3 {[%clk 1:20:08]} Ne5
{[%clk 1:13:44]} 11. Be3 {[%clk 1:16:08]} Qc7 {[%clk 1:11:06]} 12. h3
{[%clk 1:13:54]} g5 {[%clk 1:00:06]} 13. O-O-O {[%clk 1:11:03]} b5
{[%clk 0:56:20]} 14. f4 {[%clk 1:07:09]} gxf4 {[%clk 0:56:13]} 15. Bxf4
{[%clk 1:07:27]} b4 {[%clk 0:55:16]} 16. Bxe5 {[%clk 0:40:20]} dxe5
{[%clk 0:54:53]} 17. Nb1 {[%clk 0:33:22]} a5 {[%clk 0:46:20]} 18. Qf3
{[%clk 0:26:22]} Be7 {[%clk 0:39:25]} 19. g5 {[%clk 0:21:46]} hxg5
{[%clk 0:39:08]} 20. Rxg5 {[%clk 0:13:39]} Bb7 {[%clk 0:30:03]} 21. Bb5+
{[%clk 0:13:47]} Kf8 {[%clk 0:28:46]} 22. N1d2 {[%clk 0:09:07]} Nxe4
{[%clk 0:28:02]} 23. Rh5 {[%clk 0:08:46]} Rxh5 {[%clk 0:25:51]} 24. Qxh5
{[%clk 0:08:46]} Bg5 {[%clk 0:25:51]} 25. h4 {[%clk 0:08:46]} Bf4
{[%clk 0:17:48]} 26. Ba4 {[%clk 0:06:22]} Rc8 {[%clk 0:14:32]} 27. Na1
{[%clk 0:05:59]} Nxd2 {[%clk 0:14:32]} 28. Rxd2 {[%clk 0:05:59]} Bc6
{[%clk 0:14:32]} 29. Bb3 {[%clk 0:03:42]} Rd8 {[%clk 0:11:39]} 30. Bxe6
{[%clk 0:01:42]} Rxd2 {[%clk 0:11:13]} 31. Qh8+ {[%clk 0:01:11]} Ke7
{[%clk 0:11:29]} 32. Qh5 {[%clk 0:00:39]} Rf2+ {[%clk 0:11:37]} 0-1

[Event "EYCC 2024 - G18"]
[Site "?"]
[Date "2024.08.28"]
[Round "6.10"]
[White "Akat, Elifnaz"]
[Black "Bargan, Victoria"]
[Result "1/2-1/2"]
[BlackElo "1977"]
[WhiteElo "1888"]
[LiveChessVersion "1.4.8"]

1. e4 {[%clk 1:30:58]} c6 {[%clk 1:30:56]} 2. Nc3 {[%clk 1:30:43]} d5
{[%clk 1:31:19]} 3. Nf3 {[%clk 1:31:12]} Bg4 {[%clk 1:31:41]} 4. h3
{[%clk 1:31:17]} Bxf3 {[%clk 1:32:05]} 5. Qxf3 {[%clk 1:31:46]} e6
{[%clk 1:32:19]} 6. d4 {[%clk 1:31:24]} dxe4 {[%clk 1:27:16]} 7. Qxe4
{[%clk 1:28:50]} Nf6 {[%clk 1:27:21]} 8. Qd3 {[%clk 1:29:12]} Nbd7
{[%clk 1:25:24]} 9. Be2 {[%clk 1:26:18]} Qc7 {[%clk 1:24:47]} 10. O-O
{[%clk 1:23:28]} Bd6 {[%clk 1:24:54]} 11. Ne4 {[%clk 1:23:15]} Bf4
{[%clk 1:17:55]} 12. Be3 {[%clk 1:19:06]} O-O {[%clk 1:13:52]} 13. Bf3
{[%clk 1:18:14]} Rad8 {[%clk 1:09:27]} 14. Qa3 {[%clk 1:17:49]} Nxe4
{[%clk 1:03:36]} 15. Bxe4 {[%clk 1:17:24]} Nf6 {[%clk 1:01:58]} 16. Bf3
{[%clk 1:17:18]} Bh2+ {[%clk 0:58:16]} 17. Kh1 {[%clk 1:17:36]} Bd6
{[%clk 0:58:38]} 18. Qb3 {[%clk 1:16:28]} Nd5 {[%clk 0:58:31]} 19. Bg5
{[%clk 1:10:35]} Rd7 {[%clk 0:55:15]} 20. c4 {[%clk 1:04:50]} Nf4
{[%clk 0:54:41]} 21. Rfd1 {[%clk 1:04:32]} h6 {[%clk 0:52:50]} 22. Bxf4
{[%clk 1:03:23]} Bxf4 {[%clk 0:53:14]} 23. Rd3 {[%clk 1:03:35]} Re8
{[%clk 0:42:37]} 24. Re1 {[%clk 1:00:34]} Rde7 {[%clk 0:42:15]} 25. Bd1
{[%clk 0:58:47]} e5 {[%clk 0:40:24]} 26. dxe5 {[%clk 0:56:50]} Rxe5
{[%clk 0:32:31]} 27. Rxe5 {[%clk 0:57:11]} Rxe5 {[%clk 0:28:32]} 28. g3
{[%clk 0:54:02]} Re1+ {[%clk 0:26:28]} 29. Kg2 {[%clk 0:54:31]} Bg5
{[%clk 0:26:39]} 30. Bf3 {[%clk 0:54:03]} Qe7 {[%clk 0:24:53]} 31. Rd1
{[%clk 0:51:37]} Re5 {[%clk 0:23:28]} 32. Qd3 {[%clk 0:51:59]} Qb4
{[%clk 0:22:55]} 33. Qd6 {[%clk 0:51:12]} Qxb2 {[%clk 0:21:53]} 34. Rb1
{[%clk 0:50:16]} Qxb1 {[%clk 0:20:17]} 35. Qxe5 {[%clk 0:50:44]} Qb4
{[%clk 0:18:38]} 36. Qb8+ {[%clk 0:50:07]} Kh7 {[%clk 0:16:51]} 37. h4
{[%clk 0:49:09]} Bd2 {[%clk 0:14:13]} 38. Be4+ {[%clk 0:46:25]} g6
{[%clk 0:14:38]} 39. h5 {[%clk 0:46:46]} Qe7 {[%clk 0:14:04]} 40. Bd3
{[%clk 0:44:58]} a5 {[%clk 0:13:40]} 41. Qc8 {[%clk 0:45:17]} Bc3
{[%clk 0:12:50]} 42. Qg4 {[%clk 0:45:30]} Qd6 {[%clk 0:12:36]} 43. Qe4
{[%clk 0:44:10]} Bg7 {[%clk 0:10:40]} 44. c5 {[%clk 0:44:11]} Qd5
{[%clk 0:10:32]} 45. hxg6+ {[%clk 0:44:15]} fxg6 {[%clk 0:10:58]} 46. Qxd5
{[%clk 0:42:48]} cxd5 {[%clk 0:11:23]} 47. Bb5 {[%clk 0:43:12]} Bc3
{[%clk 0:10:45]} 48. f4 {[%clk 0:41:48]} Kg7 {[%clk 0:11:04]} 49. Ba6
{[%clk 0:42:01]} Bb4 {[%clk 0:08:51]} 50. Bxb7 {[%clk 0:42:25]} Bxc5
{[%clk 0:09:10]} 51. Bxd5 {[%clk 0:42:53]} a4 {[%clk 0:09:21]} 52. Bc6
{[%clk 0:43:17]} a3 {[%clk 0:09:46]} 53. Bd5 {[%clk 0:43:45]} Kf6
{[%clk 0:10:07]} 54. Kf3 {[%clk 0:44:10]} g5 {[%clk 0:09:26]} 55. fxg5+
{[%clk 0:44:26]} Kxg5 {[%clk 0:09:25]} 1/2-1/2

[Event "EYCC 2024 - G18"]
[Site "?"]
[Date "2024.08.28"]
[Round "6.11"]
[White "Cornileau, Juliette"]
[Black "Pawicka, Magdalena"]
[Result "1-0"]
[BlackElo "1977"]
[WhiteElo "2116"]
[LiveChessVersion "1.4.8"]

1. e4 {[%clk 1:30:58]} e5 {[%clk 1:30:49]} 2. Nf3 {[%clk 1:31:23]} Nc6
{[%clk 1:31:15]} 3. Bb5 {[%clk 1:31:50]} a6 {[%clk 1:31:29]} 4. Ba4
{[%clk 1:32:16]} d6 {[%clk 1:31:45]} 5. O-O {[%clk 1:31:26]} Bd7 {[%clk 1:32:03]}
6. d4 {[%clk 1:31:48]} Nf6 {[%clk 1:30:35]} 7. d5 {[%clk 1:30:55]} Ne7
{[%clk 1:14:36]} 8. Bxd7+ {[%clk 1:30:04]} Qxd7 {[%clk 1:14:59]} 9. Qe2
{[%clk 1:22:04]} g6 {[%clk 1:13:53]} 10. c4 {[%clk 1:22:24]} Bg7 {[%clk 1:09:44]}
11. Nc3 {[%clk 1:22:50]} O-O {[%clk 1:08:50]} 12. Bd2 {[%clk 1:14:15]} h6
{[%clk 1:05:10]} 13. b4 {[%clk 1:09:06]} Ne8 {[%clk 0:56:19]} 14. Ne1
{[%clk 1:04:03]} f5 {[%clk 0:55:58]} 15. f3 {[%clk 1:04:21]} c6 {[%clk 0:34:32]}
16. Nd3 {[%clk 0:51:58]} b5 {[%clk 0:20:59]} 17. Nb2 {[%clk 0:47:05]} Nc7
{[%clk 0:18:17]} 18. Be3 {[%clk 0:37:23]} Rab8 {[%clk 0:11:43]} 19. Rfd1
{[%clk 0:25:51]} bxc4 {[%clk 0:10:02]} 20. dxc6 {[%clk 0:26:17]} Qxc6
{[%clk 0:09:45]} 21. Qxc4+ {[%clk 0:19:25]} Qxc4 {[%clk 0:10:09]} 22. Nxc4
{[%clk 0:19:51]} Rxb4 {[%clk 0:10:22]} 23. Nxd6 {[%clk 0:20:13]} Rd8
{[%clk 0:08:42]} 24. Bc5 {[%clk 0:18:41]} Rbb8 {[%clk 0:08:25]} 25. Nc4
{[%clk 0:09:58]} Nc6 {[%clk 0:08:36]} 26. Bd6 {[%clk 0:08:56]} Rb7
{[%clk 0:07:58]} 27. Rab1 {[%clk 0:07:31]} Rxb1 {[%clk 0:07:41]} 28. Rxb1
{[%clk 0:08:00]} Ne8 29. Ba3 {[%clk 0:06:41]} Rb8 {[%clk 0:05:45]} 30. Rxb8
{[%clk 0:07:03]} Nxb8 {[%clk 0:06:11]} 31. Nd5 {[%clk 0:06:03]} Nc6
{[%clk 0:05:52]} 32. Kf2 {[%clk 0:05:45]} fxe4 {[%clk 0:05:13]} 33. fxe4
{[%clk 0:06:14]} Nf6 {[%clk 0:05:27]} 34. Nxf6+ {[%clk 0:05:06]} Bxf6
{[%clk 0:05:54]} 35. Nb6 {[%clk 0:03:15]} Kf7 {[%clk 0:05:26]} 36. Nd5
{[%clk 0:03:40]} Bd8 {[%clk 0:04:47]} 37. Bc5 {[%clk 0:02:30]} Ke6
{[%clk 0:04:19]} 38. Ke3 {[%clk 0:02:05]} Ne7 {[%clk 0:01:17]} 39. Bxe7
{[%clk 0:01:59]} Bxe7 {[%clk 0:01:31]} 40. Kd3 {[%clk 0:01:36]} Bd8
{[%clk 0:01:05]} 41. Kc4 {[%clk 0:01:58]} Kd6 {[%clk 0:01:20]} 42. Nb4
{[%clk 0:01:45]} a5 {[%clk 0:01:32]} 43. Nd3 {[%clk 0:02:13]} Bc7
{[%clk 0:00:36]} 44. Kb5 {[%clk 0:02:27]} g5 {[%clk 0:00:36]} 45. g4
{[%clk 0:02:48]} Kd7 {[%clk 0:00:33]} 46. a4 {[%clk 0:02:46]} Kd6
{[%clk 0:00:34]} 47. Nc5 {[%clk 0:03:02]} Bb8 {[%clk 0:00:34]} 48. Nb7+
{[%clk 0:03:25]} Kc7 {[%clk 0:00:43]} 49. Nxa5 {[%clk 0:03:50]} Ba7
{[%clk 0:01:06]} 50. Nc6 {[%clk 0:03:48]} Bg1 {[%clk 0:01:28]} 51. h3
{[%clk 0:03:33]} Bh2 {[%clk 0:01:02]} 52. a5 {[%clk 0:03:39]} Kb7
{[%clk 0:01:19]} 53. Ne7 {[%clk 0:03:58]} Bg3 {[%clk 0:00:55]} 54. Nf5
{[%clk 0:04:23]} Bf4 {[%clk 0:00:58]} 55. Nxh6 {[%clk 0:04:51]} 1-0

[Event "EYCC 2024 - G18"]
[Site "?"]
[Date "2024.08.28"]
[Round "6.12"]
[White "Kochavi, Dana"]
[Black "Berezovsky, Fiorina"]
[Result "1-0"]
[BlackElo "1976"]
[WhiteElo "2083"]
[LiveChessVersion "1.4.8"]

1. e4 {[%clk 1:30:58]} c5 {[%clk 1:30:54]} 2. Nf3 {[%clk 1:31:26]} Nc6
{[%clk 1:31:18]} 3. Bb5 {[%clk 1:31:52]} e6 {[%clk 1:31:41]} 4. O-O
{[%clk 1:32:13]} Nge7 {[%clk 1:32:00]} 5. d4 {[%clk 1:32:05]} cxd4
{[%clk 1:32:24]} 6. Nxd4 {[%clk 1:32:26]} Ng6 {[%clk 1:32:47]} 7. Be3
{[%clk 1:32:52]} Be7 {[%clk 1:33:10]} 8. Be2 {[%clk 1:33:15]} O-O
{[%clk 1:30:17]} 9. c4 {[%clk 1:33:23]} a6 {[%clk 1:25:27]} 10. Nc3
{[%clk 1:33:22]} Qc7 {[%clk 1:24:59]} 11. Rc1 {[%clk 1:29:45]} Nxd4
{[%clk 1:19:06]} 12. Bxd4 {[%clk 1:27:22]} b6 {[%clk 1:15:49]} 13. Na4
{[%clk 1:17:30]} Bc5 {[%clk 1:14:45]} 14. b4 {[%clk 1:09:53]} Bxd4
{[%clk 0:55:56]} 15. Qxd4 {[%clk 1:10:16]} Rb8 {[%clk 0:53:13]} 16. Rfd1
{[%clk 1:08:08]} f5 {[%clk 0:47:10]} 17. Qd6 {[%clk 0:59:43]} Qb7
{[%clk 0:40:39]} 18. e5 {[%clk 0:52:03]} Nh4 {[%clk 0:37:14]} 19. f3
{[%clk 0:52:27]} Rf7 {[%clk 0:30:09]} 20. b5 {[%clk 0:51:53]} g5 {[%clk 0:28:04]}
21. bxa6 {[%clk 0:47:27]} Qa7 {[%clk 0:28:18]} 22. c5 {[%clk 0:43:46]} bxc5
{[%clk 0:26:43]} 23. Qxc5 {[%clk 0:43:50]} Qxc5+ {[%clk 0:22:34]} 24. Rxc5
{[%clk 0:44:14]} d6 {[%clk 0:13:36]} 25. exd6 {[%clk 0:44:34]} Bd7
{[%clk 0:11:20]} 26. Ra5 {[%clk 0:44:57]} Bxa4 {[%clk 0:09:43]} 27. Rxa4
{[%clk 0:45:21]} Ra7 {[%clk 0:08:02]} 28. d7 {[%clk 0:44:56]} Rd8
{[%clk 0:08:19]} 29. Bb5 {[%clk 0:42:45]} Ng6 {[%clk 0:07:26]} 30. Rc4
{[%clk 0:43:03]} Kf7 {[%clk 0:07:12]} 31. Rc8 {[%clk 0:42:59]} Ra8
{[%clk 0:05:54]} 32. Rxa8 {[%clk 0:43:20]} 1-0